BSOP header

English commercial practice and correspondence : (Record no. 48527)

MARC details
000 -LEADER
fixed length control field 00878nam a2200265 4500
008 - FIXED-LENGTH DATA ELEMENTS--GENERAL INFORMATION
fixed length control field 850711 19741973enkm a0 eng
020 ## - INTERNATIONAL STANDARD BOOK NUMBER
International Standard Book Number 0582552303
035 ## - SYSTEM CONTROL NUMBER
System control number (OCoLC)16232326
040 ## - CATALOGING SOURCE
Original cataloging agency OOU
Language of cataloging ENG
100 1# - MAIN ENTRY--PERSONAL NAME
Personal name Eckersley, Charles Ewart,
Dates associated with a name 1892-
245 10 - TITLE STATEMENT
Title English commercial practice and correspondence :
Remainder of title a first course for foreign students /
Statement of responsibility, etc C.E. Eckersley and W. Kaufman ; illustrations by Graham.
250 ## - EDITION STATEMENT
Edition statement New ed.
260 ## - PUBLICATION, DISTRIBUTION, ETC. (IMPRINT)
Place of publication, distribution, etc London :
Name of publisher, distributor, etc Longmans,
Date of publication, distribution, etc 1963
300 ## - PHYSICAL DESCRIPTION
Extent viii, 246 p. :
Other physical details ill. ;
Dimensions 19 cm.
336 ## - CONTENT TYPE
Content Type Term text
337 ## - MEDIA TYPE
Media Type Term unmediated
338 ## - CARRIER TYPE
Carrier Type Term volume
440 ## - SERIES STATEMENT/ADDED ENTRY--TITLE
Title Essential English series.
650 #0 - SUBJECT ADDED ENTRY--TOPICAL TERM
Topical term or geographic name as entry element English language
General subdivision Business English.
650 #0 - SUBJECT ADDED ENTRY--TOPICAL TERM
Topical term or geographic name as entry element Commercial correspondence.
650 #0 - SUBJECT ADDED ENTRY--TOPICAL TERM
Topical term or geographic name as entry element English language
General subdivision Textbooks for foreign speakers.
650 #0 - SUBJECT ADDED ENTRY--TOPICAL TERM
Topical term or geographic name as entry element Office management.
700 1# - ADDED ENTRY--PERSONAL NAME
Personal name Kaufmann, W.
942 ## - ADDED ENTRY ELEMENTS (KOHA)
Source of classification or shelving scheme Library of Congress Classification
Item type Books
Holdings
Withdrawn status Lost status Source of classification or shelving scheme Damaged status Not for loan Home library Current library Shelving location Date acquired Inventory number Total Checkouts Full call number Barcode Date last seen Price effective from Koha item type
    Library of Congress Classification     BSOP Library BSOP Library GC 10/22/2019 5250   PE1115 Ec5e 00021791 10/22/2019 10/22/2019 Books
BSOP

Biblical Seminary of the Philippines
  All rights Reserved
  © 2024

CONTACT INFORMATION

Biblical Seminary of the Philippines,
  77-B Karuhatan Road, Valenzuela City,
  PHILIPPINES 1441
  Phone: +632 8292-6795 / 8292-6798
  Fax : +632 8292-6675
  Email: library@bsop.edu.ph